000 00289cam a22001097a 4500
008 180718b1972 xxu||||| |||| 00| 0 eng d
082 _aXAx54 In7p
245 _aSeminar on economics of housing in national development
260 _aOotacamund
_b
_c1972
300 _a126p.
650 _aHousing
999 _c414162
_d414162